Влияние информационных технологий на рынок труда; Информационные технологии в науке, управлении, социальной сфере и медицине; Ч. 2
| Parent link: | Информационные технологии в науке, управлении, социальной сфере и медицине: сборник научных трудов Международной конференции с международным участием , 29 апреля - 2 мая 2014 г., Томск/ Национальный исследовательский Томский политехнический университет (ТПУ).— , 2014 Ч. 2.— 2014.— [С. 327-331] |
|---|---|
| Autor principal: | |
| Sumari: | Заглавие с титульного экрана Development of information technology has an impact on many areas of public life. One of the areas significantly changed under the influence of IT is the labor market. The article describes the main directions of these changes. |
| Idioma: | rus |
| Publicat: |
2014
|
| Col·lecció: | Информационные технологии в государственном управлении и социальной сфере |
| Matèries: | |
| Accés en línia: | http://www.lib.tpu.ru/fulltext/c/2014/C24/V2/127.pdf |
| Format: | Electrònic Capítol de llibre |
| KOHA link: | https://koha.lib.tpu.ru/cgi-bin/koha/opac-detail.pl?biblionumber=608177 |
MARC
| LEADER | 00000naa2a2200000 4500 | ||
|---|---|---|---|
| 001 | 608177 | ||
| 005 | 20260318092427.0 | ||
| 035 | |a (RuTPU)RU\TPU\conf\5607 | ||
| 035 | |a RU\TPU\conf\5606 | ||
| 090 | |a 608177 | ||
| 100 | |a 20140919d2014 k y0rusy50 ca | ||
| 101 | 0 | |a rus | |
| 102 | |a RU | ||
| 135 | |a drcn ---uucaa | ||
| 181 | 0 | |a i | |
| 182 | 0 | |a b | |
| 200 | 1 | |a Влияние информационных технологий на рынок труда |d Impact of information technology on the labor market |f М. К. Семенова | |
| 203 | |a Текст |c электронный | ||
| 225 | 1 | |a Информационные технологии в государственном управлении и социальной сфере | |
| 300 | |a Заглавие с титульного экрана | ||
| 320 | |a [Библиогр.: с. 330-331 (5 назв.)] | ||
| 330 | |a Development of information technology has an impact on many areas of public life. One of the areas significantly changed under the influence of IT is the labor market. The article describes the main directions of these changes. | ||
| 337 | |a Adobe Reader | ||
| 461 | 1 | |0 (RuTPU)RU\TPU\conf\4263 |t Информационные технологии в науке, управлении, социальной сфере и медицине |o сборник научных трудов Международной конференции с международным участием , 29 апреля - 2 мая 2014 г., Томск |o в 2 ч. |f Национальный исследовательский Томский политехнический университет (ТПУ) |d 2014 | |
| 463 | 1 | |0 (RuTPU)RU\TPU\conf\4265 |t Ч. 2 |v [С. 327-331] |d 2014 | |
| 510 | 1 | |a Impact of information technology on the labor market |z eng | |
| 610 | 1 | |a труды учёных ТПУ | |
| 610 | 1 | |a электронные ресурсы | |
| 610 | 1 | |a информационные технологии | |
| 610 | 1 | |a рынок труда | |
| 610 | 1 | |a ИТ-сферы | |
| 610 | 1 | |a компьютерная грамотность | |
| 700 | 1 | |a Семенова |b М. К. | |
| 801 | 2 | |a RU |b 63413507 |c 20140919 |g RCR | |
| 856 | 4 | |u http://www.lib.tpu.ru/fulltext/c/2014/C24/V2/127.pdf | |
| 942 | |c BK | ||